00288nam a2200121Ia 4500008004100000041000900041082002000050100001800070245001800088260004400106300000800150650000800158230718s9999 xx 000 0 und d aEng. a891.9391bIFI-B aifitikar arif 0abook dil dana aPakistanbdepal lahaore publisherc2017 a585 aLaw